Regioni sopra i 2 milioni di abitanti - Morte improvvisa - Statistics

Statistiche generali
  • Questo quiz è stato fatto 52 volte
  • Il punteggio medio è 7 su 9
Answers on the Grid
Answers color-coded by a green-red scale on the quiz's grid according to % correct below.
Abruzzo
Basilicata
Calabria
Campania
Emilia-Romagna
Friuli-Venezia Giulia
Lazio
Liguria
Lombardia
Marche
Molise
Piemonte
Puglia
Sardegna
Sicilia
Toscana
Trentino-Alto Adige
Umbria
Valle d'Aosta
Veneto
 
Statistiche sulle risposte
Risposta % Corretto
Lazio
92%
Lombardia
92%
Campania
90%
Sicilia
87%
Piemonte
82%
Emilia-Romagna
79%
Veneto
79%
Toscana
77%
Puglia
59%
Nessun quiz corrispondente trovato
Distribuzione punteggi
Percentuale di utenti per punteggio
Percentile per numero di risposta
I tuoi punteggi nel tempo
Non hai fatto questo quiz